Corporate financial distress and bankruptcy predict and avoid bankruptcy, analyze and invest in distressed debt

Guardado en:
Detalles Bibliográficos
Autor principal: Altman, Edward I.
Otros Autores: Hotchkiss, Edith
Formato: Libro
Lenguaje:inglés
Publicado: Hoboken John Wiley & Sons 2006
Edición:3rd ed.
Colección:Wiley finance
Materias:
Etiquetas: Agregar Etiqueta
Sin Etiquetas, Sea el primero en etiquetar este registro!

MARC

LEADER 00000nam a2200000 4500
001 0178789
005 20240306135609.6
020 |a 978-0-471-69189-1 
020 |a 0-471-69189-5 
041 0 |a eng 
044 |a US 
245 1 0 |a Corporate financial distress and bankruptcy  |b predict and avoid bankruptcy, analyze and invest in distressed debt  |c Edward I. Altman, Edith Hotchkiss 
250 |a 3rd ed. 
264 1 |a Hoboken  |b John Wiley & Sons  |c 2006 
300 |a 354 s. 
490 1 |a Wiley finance 
830 0 |a Wiley finance 
610 2 0 |a podnik 
610 2 0 |a firmy 
610 2 0 |a financie podnikové 
610 2 0 |a zadlženosť 
610 2 0 |a likvidácia podniku 
610 2 0 |a predvídanie 
610 2 0 |a opatrenia 
610 2 0 |a analýzy 
610 2 0 |a investovanie 
610 2 0 |a USA 
100 1 |a Altman, Edward I. 
700 1 |a Hotchkiss, Edith